Anotaciones sobre biodiversidad en plantaciones forestales (Registro nro. 15571)

Detalles MARC
000 -CABECERA
Campo de control 003290000a22001090004500
090 ## - CLASIFICACIÓN LOCAL
Colección As
Consecutivo Seriadas
041 0# - IDIOMA
Código de idioma para texto/pista de sonido o título separado
100 1# - ASIENTO PRINCIPAL--NOMBRE PERSONAL
Nombre personal Marín Vélez, Adriana
245 10 - MENCION DE TITULO
Título Anotaciones sobre biodiversidad en plantaciones forestales
773 1# - Item fuente:
Título Crónica Forestal y del Medio Ambiente
Descripción física 10
Paginas del Articulo 147-161
Lugar, editorial y fecha de publicación 1995
942 ## - ELEMENTOS ADICIONALES (KOHA)
Tipo de ítem Artículo

No hay ítems disponibles.